| 000 | 00653nam a2200193Ia 4500 | ||
|---|---|---|---|
| 001 | 2680 | ||
| 003 | GE_BSU | ||
| 008 | 181216s||||||||xx |||||||||||||| ||und|| | ||
| 040 | _cGE_BSU | ||
| 080 | _a342.743(479.22)(094.4) | ||
| 245 | _aსაქართველოს საგადასახადო კოდექსი ძალაშია 2011 წლის 1 იანვრიდან. | ||
| 260 | _aთბილისი | ||
| 260 | _bშპს | ||
| 260 | _c2010 | ||
| 300 | _a360 გვ. | ||
| 541 | _h15 ლ. | ||
| 653 | _aსაქართველოს საგადასახადო კოდექსი | ||
| 942 | _cBK | ||
| 999 |
_c36743 _d36743 |
||